000 nam a22 7a 4500
999 _c8074
_d8074
008 171127b xxu||||| |||| 00| 0 eng d
100 _aAlfonso.A.etal.
_94520
245 _aMoral Science
260 _aNew Delhi
_bHoly Faith
_c2008